| 000 | 01834 a2200505 4500 | ||
|---|---|---|---|
| 001 | 47920 | ||
| 005 | 20260407155745.0 | ||
| 008 | 260407a2015 arg spa d | ||
| 003 | AR-UNSa-BCEJYS | ||
| 040 |
_aAR-UNSa-BCEJYS _bspa _cAR-UNSa-BCEJYS |
||
| 080 |
_a347.736 _xQuiebra. Insolvencia. Suspensión de pagos. Bancarrota, procedimientos. Derecho Concursal |
||
| 245 | 1 | 0 | _aVerificación concursal de créditos |
| 020 | _a978-987-01-1822-0 | ||
| 264 | 1 |
_aBuenos Aires : _bErreius _c2015 |
|
| 300 |
_axx, 736 p. _c22 cm. |
||
| 505 | _a1. Introducción - 2. Verificación tempestiva - 3. Verificación eventual - 4. Supuestos específicos de verificación - 5. Verificación de créditos en el derecho comparado / Ariel G. Dasso | ||
| 041 | _aspa | ||
| 942 | _cBK | ||
| 590 | _aniveau_biblio:m niveau_hierar:0 | ||
| 100 | 1 | _aGraziabile, Darío J. | |
| 700 | 1 | _aArduino, Augusto H.L. | |
| 700 | 1 | _aArruiz, Mario A. | |
| 700 | 1 | _aBaracat, José Edgar | |
| 700 | 1 | _aBarreiro, Marcelo G. | |
| 700 | 1 | _aCasadío Martínez, Claudio Alfredo | |
| 700 | 1 | _aChiavassa, Eduardo Néstor | |
| 700 | 1 | _aDasso, Ariel G. | |
| 700 | 1 | _aDi Lella, Nicolás J. | |
| 700 | 1 | _aFrick, Pablo D. | |
| 700 | 1 | _aGaraguso, Horacio F. | |
| 700 | 1 | _aGaraguso, Horacio P. | |
| 700 | 1 | _aGarcía Villalonga, Julio César | |
| 700 | 1 | _aGerbaudo, Germán E. | |
| 700 | 1 | _aGiménez, Sofía Inés | |
| 700 | 1 | _aGranados, Ernesto I.J. | |
| 700 | 1 | _aJunyent Bas, Francisco | |
| 700 | 1 | _aMacagno, Ariel A.G. | |
| 700 | 1 | _aRamos, Santiago | |
| 700 | 1 | _aRaspall, Miguel Ángel | |
| 700 | 1 | _aReggiardo, Roberto S. | |
| 700 | 1 | _aRibera, Carlos E. | |
| 700 | 1 | _aRichard, Efraín Hugo | |
| 700 | 1 | _aRodríguez, Raquel E. | |
| 856 | 4 | 1 |
_uhttps://www.biblioeco.unsa.edu.ar/pmb/images/libros/L127692.jpg _yImagen de portada _qimage/jpeg |
| 999 |
_c4489 _d4489 |
||